The evolution of wires life.

Bibliographic Details
Main Author: Jonscher, Charles
Format: Libro
Language:English
Published: New York John Wiley & sons 1999
Subjects:
Online Access:

MARC

LEADER 00000cam a2200000 a 4500
001 004221
003 UAHC_CL
005 20170803120026.0
008 011126b xx j 000 1 eng
020 |a 0471392987 
040 |a UAHC_CL  |c UAHC_CL  |d UAHC_CL 
100 1 |a Jonscher, Charles 
245 1 4 |a The evolution of wires life. 
260 |a New York  |b John Wiley & sons  |c 1999 
300 |a 293 p. 
650 4 |a TECNOLOGIAS DE LA INFORMACION 
650 4 |a INFORMACION 
900 |a 303.4 JON 
942 |c BK 
952 |0 0  |1 0  |4 0  |6 303_400000000000000_JON  |7 0  |8 General  |9 9619  |a BC  |b BC  |c General  |d 2017-08-03  |l 0  |o 303.4 JON  |p 1317719  |r 2026-01-13 00:00:00  |t 1  |w 2017-08-03  |y BK 
999 |c 4221  |d 4221